00758nam a2200229Ia 450000500170000000800410001704000190005804100120007708200170008910000160010624500800012226000410020230000130024350400400025663000350029665000170033165100420034885000100039094200070040099900170040795201040042420240209111704.0131103s9999 xx 000 0 und d aLoreto College aEnglish a342.994bDAV aDavies,A.F. aAustralian democracyb an introduction to the political system cA.F.Davies aLondonbLongmans,Green and Co.c1958 a161 p.  aIncludes bibliographical references aAustralia - Constitutional Law aConstitution aConstitutional and Administrative Law aLCLIB cBK c12405d62884 00102ddc4070aMAINbMAINd2013-11-04l0o342.994 DAV 19669pB12317r2013-11-04w2013-11-04yBKf